The Spycatcher's encyclopedia of espionage

Bibliographic Details
Main Author: Wright, Peter
Format: Book
Published: Australia : William Heinemaun , 1991
Subjects:

MARC

LEADER 00000cam a2200000 7i4500
001 0000006030
002 000006517
005 20081105.0
020 |a 0855614358 
090 0 0 |a 327.1203   |b WRI 
100 1 |a Wright, Peter 
245 1 4 |a The Spycatcher's encyclopedia of espionage   |c Peter Wright 
260 |a Australia :   |b William Heinemaun ,   |c 1991 
300 |a 265p. ;   |c 21cm. 
650 0 0 |a Espionage   |x Encyclopedias 
999 |a 037858   |b BUKU   |c PINJAMAN   |e PERPUSTAKAAN KOMUNITI PETALING JAYA